Nociones de gramática histórica española / (Record no. 169773)

MARC details
000 -LEADER
campo de control de longitud fija 00822nam a2200241 i 4500
001 - NÚMERO DE CONTROL
campo de control 169773
003 - IDENTIFICADOR DE NÚMERO DE CONTROL
campo de control ES-MaACL
005 - FECHA Y HORA DE LA ÚLTIMA TRANSACCIÓN
campo de control 20230906214207.0
008 - DATOS DE LONGITUD FIJA--INFORMACIÓN GENERAL
campo de control de longitud fija 081125s1971 sp |||| | spa d
017 ## - NÚMERO DE COPYRIGHT O DE DEPÓSITO LEGAL
Número de copyright o de depósito legal B 48.439-1970
080 ## - NÚMERO DE LA CLASIFICACIÓN DECIMAL UNIVERSAL
Número de la Clasificación Decimal Universal 811.134.2'36-112
100 1# - ENTRADA PRINCIPAL--NOMBRE DE PERSONA
Nombre de persona Gili Gaya, Samuel.
9 (RLIN) 56938
245 10 - MENCIÓN DEL TÍTULO
Título Nociones de gramática histórica española /
Mención de responsabilidad, etc. Samuel Gili Gaya.
250 ## - MENCION DE EDICION
Mención de edición 6ª ed.
260 ## - PUBLICACIÓN, DISTRIBUCIÓN, ETC.
Lugar de publicación, distribución, etc. Barcelona :
Nombre del editor, distribuidor, etc. Biblograf,
Fecha de publicación, distribución, etc. 1971.
300 ## - DESCRIPCIÓN FÍSICA
Extensión 99, [2] p. ;
Dimensiones 17 cm.
490 1# - MENCIÓN DE SERIE
Mención de serie Compendios de divulgación filológica Vox ;
Designación de volumen o secuencia 3
500 ## - NOTA GENERAL
Nota general Índice.
650 #4 - PUNTO DE ACCESO ADICIONAL DE MATERIA--TÉRMINO DE MATERIA
Término de materia o nombre geográfico como elemento de entrada Lengua española-
Subdivisión general Gramática histórica.
9 (RLIN) 14164
830 0# - PUNTO DE ACCESO ADICIONAL DE SERIE-TÍTULO UNIFORME
Título uniforme Compendios de divulgación filológica Vox ;
Designación de volumen o secuencia 3
9 (RLIN) 188878
852 4# - LOCALIZACIÓN
Ubicación ES-MaACL
Número de control de estantería E-12289
itemnumber R.190485
Nota libre - Biblioteca Jacinto Martínez Lacalle
Holdings
Estatus retirado Estado de pérdida Estado de daño No para préstamo Biblioteca de origen Biblioteca actual Ubicación en estantería Fecha de adquisición Fuente de adquisición Total de préstamos Signatura topográfica completa Código de barras Visto por última vez Precio de reemplazo Tipo de ítem Koha
        Biblioteca del Ateneo de Madrid Biblioteca del Ateneo de Madrid Depósito 2 25/11/2008     E-12289 1178244 23/02/2023 23/02/2023 Libro impreso